France : Les arrêts du TER Charleville - Givet - Statistiques

Statistiques générales
  • Ce quiz a été pris 4 fois
  • Le résultat moyen est 9 sur 13
Statistiques - réponses
Réponse % Correct
Fumay
100%
Revin
100%
Vireux-Molhain
100%
Aubrives
75%
Fépin
75%
Anchamps
50%
Bogny-sur-Meuse
50%
Deville
50%
Haybes
50%
Joigny-sur-Meuse
50%
Laifour
50%
Monthermé
50%
Nouzonville
50%
Aucun quiz correspondant
Distribution des résultats
% des personnes avec chaque résultat
Percentile par nombre de réponses
Votre historique - résultats
Vous n’avez pas pris ce quiz